| 000 | 00719nam a2200241Ia 4500 | ||
|---|---|---|---|
| 003 | OSt | ||
| 005 | 20260213122415.0 | ||
| 008 | 210210b1947 xxu||||| |||| 00| 0 eng d | ||
| 040 | _cAL | ||
| 041 | _aKannada | ||
| 082 | _a851/422 | ||
| 100 |
_aVIRAPPA (S S) _dವೀರಪ್ಪ (ಎಸ್ ಎಸ್) _9254724 |
||
| 245 |
_aMekedatu mattu itara kathana kavanagalu _bಮೇಕೆದಾಟು ಮತ್ತು ಇತರ ಕಥನ ಕವನಗಳು |
||
| 260 |
_aBengaluru _b- _c1947 |
||
| 650 |
_aMekedatu _9254725 |
||
| 650 |
_amattu _9254726 |
||
| 650 |
_akavanagalu _9254727 |
||
| 650 |
_akathana _9254728 |
||
| 650 |
_aitara _9254729 |
||
| 690 |
_aKannada Poetry _9254730 |
||
| 906 | _a018439 | ||
| 942 |
_2ddc _cBK |
||
| 999 |
_c141888 _d141888 |
||